Statistieken voor Belgische politieke partijen

Klik hier om de quiz te nemen!

Algemene statistieken

  • Deze quiz is 163 keer genomen
    (137 sinds de laatste reset)
  • De gemiddelde score is 9 van 12

Antwoordstatistieken

Aantal zetelsPartij% Correct
18Vlaams Belang
99%
24N-VA
98%
8Groen
94%
12CD&V
92%
12PVDA-PTB
88%
12Open VLD
87%
9Vooruit
87%
14MR
76%
20PS
74%
13Ecolo
72%
2Défi
44%
5Les Engagés
36%

Scoreverdeling

Percentiel versus Aantal Correcte Antwoorden

Procent van Mensen met Elke Score

Uw Scoregeschiedenis

U heeft deze quiz nog niet genomen sinds de laatste reset